Nghiên cứu sự phân bố động thái và ứng dụng của các chủng vi khuẩn Azôtbacter trong đất trồng lúa tại xã Hòa Phong - Hòa Vang - thành phố Đà Nẵng

Tổng quan tài liệu. Đối tượng và phương pháp nghiên cứu. Kết quả nghiên cứu và biện luận

Na minha lista:
Detalhes bibliográficos
Autor principal: Đỗ, Thị Phương
Outros Autores: Đỗ Thu Hà T.S (Hướng dân)
Formato: Livro
Idioma:Vietnamese
Publicado em: Đại học Đà Nẵng ĐH Sư phạm 2011
Assuntos:
Tags: Adicionar Tag
Sem tags, seja o primeiro a adicionar uma tag!
Thư viện lưu trữ: Mạng thư viện Đại học Đà Nẵng
LEADER 01511nam a2200361 4500
001 000011294
003 7532
005 20120203140259.0
008 120203s2011 viesd
041 |a vie 
072 |a Khóa luận tốt nghiệp 
082 |a 579.551  |b ĐO-P 
100 |a Đỗ, Thị Phương 
245 |a Nghiên cứu sự phân bố động thái và ứng dụng của các chủng vi khuẩn Azôtbacter trong đất trồng lúa tại xã Hòa Phong - Hòa Vang - thành phố Đà Nẵng  |c Đỗ Thị Phương 
260 |a Đại học Đà Nẵng  |b ĐH Sư phạm  |c 2011 
300 |a 57 tr.  |c 29 cm. Minh họa  |e CD 
500 |a Khóa luận tốt nghiệp khoa Sinh - Môi trường 
520 |a Tổng quan tài liệu. Đối tượng và phương pháp nghiên cứu. Kết quả nghiên cứu và biện luận 
653 |a Phân bố 
653 |a Động thái 
653 |a Chủng khuẩn Azôtbacter 
653 |a Đất trồng lúa 
700 |a Đỗ Thu Hà  |c T.S  |e Hướng dân 
OWN |a LSP 
AVA |a UDN50  |b LSP  |d 579.551 ĐO-P  |e available  |t Error 5001 Not defined in file expand_doc_bib_avail.  |f 1  |g 0  |h N  |i 0  |k 1 
999 |a From the UDN01 
AVA |a UDN50  |b LSP  |d 579.551 ĐO-P  |e available  |t Error 5001 Not defined in file expand_doc_bib_avail.  |f 1  |g 0  |h N  |i 0  |k 1 
TYP |a Monograph 
TYP |a Printed language 
980 |a Mạng thư viện Đại học Đà Nẵng